| 000 | 00537nam a2200169 i 4500 | ||
|---|---|---|---|
| 001 | 32236 | ||
| 003 | ES-MaACL | ||
| 005 | 20230906154534.0 | ||
| 007 | t| | ||
| 008 | 030130s1966 sp ||||1| spa d | ||
| 100 | 1 |
_aBergier, Jacques. _927989 |
|
| 245 | 1 | 0 |
_aAgentes secretos contra armas secretas / _cJacques Bergier ; [traducción de Isabel Bubge de Ducci]. |
| 260 |
_aBarcelona, etc. : _bPomaire, _c[1966] |
||
| 300 |
_a252 p., 8 lám. ; _c20 cm. |
||
| 700 | 1 |
_aBubge de Ducci, Isabel. _932268 |
|
| 852 |
_aES-MaACL _jC-35263 _bR.68394 |
||
| 999 |
_c32236 _d32236 |
||